000 00691nam a2200289Ia 4500
005 20260324130955.0
008 008 260324s9999 xx 000 0 eng d
020 _a9781351145640
037 _aEBOOK
040 _aCRL
040 _beng
040 _cCRL
041 _2eng
041 _aeng
084 _qCRL
100 _aStuart Lowe; David Hughes
_91183741
245 4 _aThe Private Rented Housing Market
245 0 _bRegulation or Deregulation?
260 _bTaylor and Francis
260 _c2007
365 _a
365 _b230
856 _uhttp://www.taylorfrancis.com/books/9781351145640
942 _cEBOOK
999 _c1780491
_d1780491